Поеми (Запис № 17442)

000 -Маркер запису
Контрольне поле сталої довжини 02131nam a22002537a 4500
003 - Належність контрольного номера
Контрольне поле Uzh_bibl
008 - Кодовані дані
Контрольне поле сталої довжини 260422b |||||||| |||| 00| 0 ukr d
020 ## - Індекс ISBN
Ціна 0.90
040 ## - Джерело каталогіз.
Служба первин.кат. укр.
041 ## - Код мови видання
Код мови оригіналу українська
Код мови тексту українська
080 ## - Індекс УДК
Індекс УДК 821(477)
090 ## - Шифри
Поличний індекс 821(477)
Авторський знак О-54
100 ## - Автор
Автор Олійник, Борис
245 ## - Назва
Назва Поеми
Відповідальність Передм. М. Ільницького
Фізичний носій Текст
260 ## - Вихідні дані
Місце видання Київ
Видавництво Дніпро
Дата видання 1983
300 ## - Фізичний опис
Обсяг 183 с.
Тип одиниці В опр.
520 ## - Анотація
Анотація Збірка Поеми Борис Олійник об’єднує твори, у яких автор осмислює важливі моральні, історичні та суспільні проблеми. У поемах порушуються теми пам’яті народу, відповідальності людини за власні вчинки, зв’язку поколінь і духовних цінностей.<br/>Поет поєднує особисті роздуми з долею українського народу, звертається до історичного досвіду та сучасності, підкреслюючи значення совісті, людяності й морального вибору. Твори вирізняються філософською глибиною, емоційною насиченістю та громадянським звучанням.
521 ## - Примітка про цільове призначення
Примітка про цільове призначення Для широкого кола читачів
546 ## - Примітка про мову
Примітка про мову укр.
650 ## - Тематичні рубрики
Основна рубрика Літературно-художнє видання
Хронологічна підрубрика Різні історичні періоди ХХ століття та умовний позачасовий вимір
Географічна підрубрика Узагальнений простір України (село, місто, історичний і духовний простір народу)
653 ## - Ключові слова
Ключові слова Життя
-- Історія
-- Народ
-- Совість
-- Відповідальність
655 ## - Термін індексування — жанр/форма
Жанр/форма Збірка ліро-епічних поем із філософським і громадянським змістом
Типове ділення [Збірка поем]
942 ## - ADDED ENTRY ELEMENTS (KOHA)
Джерело класифікації чи схема поличного розташування
Koha item type Книги
Фонди
Статус вилучення Статус втрати/відсутності Джерело класифікації чи схема поличного розташування Статус пошкодження Тип обігу (не для випозичання) Постійне розташування Поточне розташування Розташування у відділі Дата надходження Інвентарний номер Total Checkouts Повний (примірниковий) шифр зберігання Штрих-код Date last seen Дата, для якої чинна ціна заміни Тип одиниці (рівень примірника)
          Публічна бібліотека Публічна бібліотека Абонемент 27/04/2026 17465   821(477) 20315 27/04/2026 27/04/2026 Книги

Працює на АБІС Коха